000 00353nam a2200097Ia 4500
008 220120s9999||||xx |||||||||||||| ||und||
100 _aChandan, Charanraj, Dheemanth and Vijay Kumar
_912690
245 0 _aMobile application for navigation assist using message servi
260 _aCoorg Institute of Technology
_bPonnampet
_c2018
650 _aCIVIL ENGINEERING
999 _c138290
_d138290